<?xml version="1.0" encoding="UTF-8"?>
<marc:record xmlns:marc="http://www.loc.gov/MARC21/slim">
   <marc:leader>00000nam a2200000 a 4500</marc:leader>
   <marc:datafield ind1="1" ind2=" " tag="100">
      <marc:subfield code="a">Quigley, Sarah</marc:subfield>
      <marc:subfield code="4">aut</marc:subfield>
      <marc:subfield code="e">Verfasser/-in</marc:subfield>
   </marc:datafield>
   <marc:datafield ind1=" " ind2=" " tag="653">
      <marc:subfield code="a">Rußland</marc:subfield>
   </marc:datafield>
   <marc:datafield ind1=" " ind2=" " tag="653">
      <marc:subfield code="a">Musiker</marc:subfield>
   </marc:datafield>
   <marc:datafield ind1=" " ind2=" " tag="653">
      <marc:subfield code="a">Zweiter Weltkrieg</marc:subfield>
   </marc:datafield>
   <marc:datafield ind1=" " ind2=" " tag="653">
      <marc:subfield code="a">Weltkrieg 2. &lt;1938 -1945&gt;</marc:subfield>
   </marc:datafield>
   <marc:datafield ind1=" " ind2=" " tag="653">
      <marc:subfield code="a">Autor &lt;Neuseeland&gt;</marc:subfield>
   </marc:datafield>
   <marc:datafield ind1="0" ind2="0" tag="245">
      <marc:subfield code="a">Der Dirigent</marc:subfield>
   </marc:datafield>
   <marc:datafield ind1=" " ind2="1" tag="264">
      <marc:subfield code="b">Aufbau-Verl.</marc:subfield>
      <marc:subfield code="c">2012</marc:subfield>
   </marc:datafield>
   <marc:datafield ind1="1" ind2=" " tag="520">
      <marc:subfield code="a">Im Sommer 1941 verlassen die deutschen Soldaten klammheimlich Leningrad. Eine Katastrophe naht: Die Stadt wird belagert, soll dem Erdboden gleichgemacht werden. Der Großteil der Künstler und Kulturschaffenden wird evakuiert. Bis auf Dmitri Schostakowitsch, den wohl berühmtesten russischen Komponisten. Er bleibt, um seine Stadt zu verteidigen. Doch ein anderer wird zum eigentlichen Helden: Karl Eliasberg, Dirigent eines zweitklassigen Radioorchesters. Hungernd und im Angesicht des Todes führt Eliasberg mit seinem Orchester Schostakowitschs "Siebte Symphonie" auf. Ein hochmusikalischer, bewegender Roman über zwei beseelte wie getriebene Männer, die der Kälte einen humanen Klang abringen. (Verlagstext)</marc:subfield>
   </marc:datafield>
   <marc:datafield ind1=" " ind2=" " tag="020">
      <marc:subfield code="a">9783351035020</marc:subfield>
      <marc:subfield code="9">9783351035020</marc:subfield>
   </marc:datafield>
</marc:record>
